Gares de l'Aube - Statistiques

Statistiques générales
  • Ce quiz a été pris 78 fois
  • Le résultat moyen est 4 sur 5
Statistiques - réponses
Nombre de voyageurs Gares % Correct
1 335 303 Troyes
100%
426 999 Romilly sur Seine
88%
105 605 Bar sur Aube
82%
253 163 Nogent sur Seine
80%
61 877 Vendeuvre
59%
Aucun quiz correspondant
Distribution des résultats
% des personnes avec chaque résultat
Percentile par nombre de réponses
Votre historique - résultats
Vous n’avez pas pris ce quiz